<?xml version="1.0" encoding="UTF-8"?>
<collection xmlns="http://www.loc.gov/MARC21/slim">
 <record>
  <leader>02856aam a22003618a 4500</leader>
  <controlfield tag="001">NCT_11502</controlfield>
  <controlfield tag="008">130718s2013                  ||||||viesd</controlfield>
  <datafield tag="999" ind1=" " ind2=" ">
   <subfield code="c">551</subfield>
   <subfield code="d">551</subfield>
  </datafield>
  <datafield tag="020" ind1=" " ind2=" ">
   <subfield code="c">48000</subfield>
   <subfield code="a">9786048636807</subfield>
  </datafield>
  <datafield tag="082" ind1="0" ind2="4">
   <subfield code="2">23rd ed.</subfield>
   <subfield code="a">345.59702</subfield>
   <subfield code="b">O408</subfield>
  </datafield>
  <datafield tag="100" ind1="1" ind2=" ">
   <subfield code="a">Võ Thị Kim Oanh</subfield>
   <subfield code="e">Chủ biên</subfield>
  </datafield>
  <datafield tag="245" ind1="1" ind2="0">
   <subfield code="a">Giáo trình tội phạm học</subfield>
   <subfield code="c">Chủ biên.: Võ Thị Kim Oanh, Lê Nguyên Thanh</subfield>
  </datafield>
  <datafield tag="260" ind1=" " ind2=" ">
   <subfield code="a">H.</subfield>
   <subfield code="b">Hồng Đức ; Hội Luật gia Việt Nam</subfield>
   <subfield code="c">2015</subfield>
  </datafield>
  <datafield tag="300" ind1=" " ind2=" ">
   <subfield code="a">338tr.</subfield>
   <subfield code="b">bảng</subfield>
   <subfield code="c">21cm</subfield>
  </datafield>
  <datafield tag="500" ind1=" " ind2=" ">
   <subfield code="a">ĐTTS ghi: Trường đại học Luật Tp. Hồ Chí Minh</subfield>
  </datafield>
  <datafield tag="520" ind1="3" ind2=" ">
   <subfield code="a">Trình bày những kiến thức tổng quan về tội phạm học và vị trí của tội phạm học trong hệ thống các khoa học, lịch sử các học thuyết tội phạm học trên thế giới, tình hình tội phạm và nguyên nhân, điều kiện của tình hình tội phạm, nhân thân của người phạm tội...</subfield>
  </datafield>
  <datafield tag="653" ind1=" " ind2=" ">
   <subfield code="a">Luật học</subfield>
  </datafield>
  <datafield tag="655" ind1=" " ind2="7">
   <subfield code="a">Giáo trình</subfield>
  </datafield>
  <datafield tag="700" ind1="1" ind2=" ">
   <subfield code="a">Nguyễn Thị Phương Hoa</subfield>
  </datafield>
  <datafield tag="700" ind1="1" ind2=" ">
   <subfield code="a">Nguyễn Huỳnh Bảo Khánh</subfield>
  </datafield>
  <datafield tag="700" ind1="1" ind2=" ">
   <subfield code="a">Phạm Thái</subfield>
  </datafield>
  <datafield tag="700" ind1="1" ind2=" ">
   <subfield code="a">Lê Nguyên Thanh</subfield>
   <subfield code="e">Chủ biên</subfield>
  </datafield>
  <datafield tag="942" ind1=" " ind2=" ">
   <subfield code="2">ddc</subfield>
   <subfield code="c">BK</subfield>
  </datafield>
  <datafield tag="952" ind1=" " ind2=" ">
   <subfield code="0">0</subfield>
   <subfield code="1">0</subfield>
   <subfield code="2">ddc</subfield>
   <subfield code="4">0</subfield>
   <subfield code="6">345_597020000000000_O408</subfield>
   <subfield code="7">0</subfield>
   <subfield code="9">14398</subfield>
   <subfield code="a">000001</subfield>
   <subfield code="b">000001</subfield>
   <subfield code="d">2018-10-03</subfield>
   <subfield code="l">1</subfield>
   <subfield code="o">345.59702 O408</subfield>
   <subfield code="p">MD.02742</subfield>
   <subfield code="r">2020-10-22</subfield>
   <subfield code="s">2020-09-24</subfield>
   <subfield code="v">48000.00</subfield>
   <subfield code="w">2018-10-03</subfield>
   <subfield code="y">BK</subfield>
  </datafield>
  <datafield tag="952" ind1=" " ind2=" ">
   <subfield code="0">0</subfield>
   <subfield code="1">0</subfield>
   <subfield code="2">ddc</subfield>
   <subfield code="4">0</subfield>
   <subfield code="6">345_597020000000000_O408</subfield>
   <subfield code="7">0</subfield>
   <subfield code="9">14399</subfield>
   <subfield code="a">000001</subfield>
   <subfield code="b">000001</subfield>
   <subfield code="d">2018-10-03</subfield>
   <subfield code="l">4</subfield>
   <subfield code="m">1</subfield>
   <subfield code="o">345.59702 O408</subfield>
   <subfield code="p">MD.02743</subfield>
   <subfield code="r">2021-04-27</subfield>
   <subfield code="s">2021-04-09</subfield>
   <subfield code="v">48000.00</subfield>
   <subfield code="w">2018-10-03</subfield>
   <subfield code="y">BK</subfield>
  </datafield>
  <datafield tag="952" ind1=" " ind2=" ">
   <subfield code="0">0</subfield>
   <subfield code="1">0</subfield>
   <subfield code="2">ddc</subfield>
   <subfield code="4">0</subfield>
   <subfield code="6">345_597020000000000_O408</subfield>
   <subfield code="7">0</subfield>
   <subfield code="9">14400</subfield>
   <subfield code="a">000001</subfield>
   <subfield code="b">000001</subfield>
   <subfield code="d">2018-10-03</subfield>
   <subfield code="l">2</subfield>
   <subfield code="m">1</subfield>
   <subfield code="o">345.59702 O408</subfield>
   <subfield code="p">MD.02744</subfield>
   <subfield code="r">2020-11-13</subfield>
   <subfield code="s">2020-10-22</subfield>
   <subfield code="v">48000.00</subfield>
   <subfield code="w">2018-10-03</subfield>
   <subfield code="y">BK</subfield>
  </datafield>
  <datafield tag="952" ind1=" " ind2=" ">
   <subfield code="0">0</subfield>
   <subfield code="1">0</subfield>
   <subfield code="2">ddc</subfield>
   <subfield code="4">0</subfield>
   <subfield code="6">345_597020000000000_O408</subfield>
   <subfield code="7">0</subfield>
   <subfield code="9">14401</subfield>
   <subfield code="a">000001</subfield>
   <subfield code="b">000001</subfield>
   <subfield code="d">2018-10-03</subfield>
   <subfield code="l">2</subfield>
   <subfield code="m">1</subfield>
   <subfield code="o">345.59702 O408</subfield>
   <subfield code="p">MD.02745</subfield>
   <subfield code="r">2021-04-12</subfield>
   <subfield code="s">2021-04-03</subfield>
   <subfield code="v">48000.00</subfield>
   <subfield code="w">2018-10-03</subfield>
   <subfield code="y">BK</subfield>
  </datafield>
  <datafield tag="952" ind1=" " ind2=" ">
   <subfield code="0">0</subfield>
   <subfield code="1">0</subfield>
   <subfield code="2">ddc</subfield>
   <subfield code="4">0</subfield>
   <subfield code="6">345_597020000000000_O408</subfield>
   <subfield code="7">0</subfield>
   <subfield code="9">14402</subfield>
   <subfield code="a">000001</subfield>
   <subfield code="b">000001</subfield>
   <subfield code="d">2018-10-03</subfield>
   <subfield code="l">1</subfield>
   <subfield code="o">345.59702 O408</subfield>
   <subfield code="p">MD.02746</subfield>
   <subfield code="r">2020-07-09</subfield>
   <subfield code="s">2020-07-02</subfield>
   <subfield code="v">48000.00</subfield>
   <subfield code="w">2018-10-03</subfield>
   <subfield code="y">BK</subfield>
  </datafield>
  <datafield tag="952" ind1=" " ind2=" ">
   <subfield code="0">0</subfield>
   <subfield code="1">0</subfield>
   <subfield code="2">ddc</subfield>
   <subfield code="4">0</subfield>
   <subfield code="6">345_597020000000000_O408</subfield>
   <subfield code="7">0</subfield>
   <subfield code="9">14403</subfield>
   <subfield code="a">000001</subfield>
   <subfield code="b">000001</subfield>
   <subfield code="d">2018-10-03</subfield>
   <subfield code="l">2</subfield>
   <subfield code="m">1</subfield>
   <subfield code="o">345.59702 O408</subfield>
   <subfield code="p">MD.02747</subfield>
   <subfield code="r">2021-05-31</subfield>
   <subfield code="s">2021-04-27</subfield>
   <subfield code="v">48000.00</subfield>
   <subfield code="w">2018-10-03</subfield>
   <subfield code="y">BK</subfield>
  </datafield>
  <datafield tag="952" ind1=" " ind2=" ">
   <subfield code="0">0</subfield>
   <subfield code="1">0</subfield>
   <subfield code="2">ddc</subfield>
   <subfield code="4">0</subfield>
   <subfield code="6">345_597020000000000_O408</subfield>
   <subfield code="7">0</subfield>
   <subfield code="9">14404</subfield>
   <subfield code="a">000001</subfield>
   <subfield code="b">000001</subfield>
   <subfield code="d">2018-10-03</subfield>
   <subfield code="l">1</subfield>
   <subfield code="o">345.59702 O408</subfield>
   <subfield code="p">MD.02748</subfield>
   <subfield code="r">2019-12-03</subfield>
   <subfield code="s">2019-11-29</subfield>
   <subfield code="v">48000.00</subfield>
   <subfield code="w">2018-10-03</subfield>
   <subfield code="y">BK</subfield>
  </datafield>
  <datafield tag="952" ind1=" " ind2=" ">
   <subfield code="0">0</subfield>
   <subfield code="1">0</subfield>
   <subfield code="2">ddc</subfield>
   <subfield code="4">0</subfield>
   <subfield code="6">345_597020000000000_O408</subfield>
   <subfield code="7">0</subfield>
   <subfield code="9">14405</subfield>
   <subfield code="a">000001</subfield>
   <subfield code="b">000001</subfield>
   <subfield code="d">2018-10-03</subfield>
   <subfield code="o">345.59702 O408</subfield>
   <subfield code="p">MD.02749</subfield>
   <subfield code="r">2018-10-03</subfield>
   <subfield code="v">48000.00</subfield>
   <subfield code="w">2018-10-03</subfield>
   <subfield code="y">BK</subfield>
  </datafield>
  <datafield tag="952" ind1=" " ind2=" ">
   <subfield code="0">0</subfield>
   <subfield code="1">0</subfield>
   <subfield code="2">ddc</subfield>
   <subfield code="4">0</subfield>
   <subfield code="6">345_597020000000000_O408</subfield>
   <subfield code="7">0</subfield>
   <subfield code="9">14406</subfield>
   <subfield code="a">000001</subfield>
   <subfield code="b">000001</subfield>
   <subfield code="d">2018-10-03</subfield>
   <subfield code="o">345.59702 O408</subfield>
   <subfield code="p">MD.02750</subfield>
   <subfield code="r">2018-10-03</subfield>
   <subfield code="v">48000.00</subfield>
   <subfield code="w">2018-10-03</subfield>
   <subfield code="y">BK</subfield>
  </datafield>
  <datafield tag="980" ind1=" " ind2=" ">
   <subfield code="a">Thư viện Trường Đại học Nam Cần Thơ</subfield>
  </datafield>
 </record>
</collection>
